00598nam a2200181 a 450000100100000000500170001000800410002702000150006804000250008308200210010810000370012924500540016626000600022030000200028050000650030065000240036565000270038900004208420240412074301.0131113s2006 xxu r 000 p spa d a0976194082 aDO-SdBNPbspacBNPHU aRD861.44bC117vu1 aCabrera, Raquel Virginia,d1973-13aEl vuelo de la locura /cRaquel Virginia Cabrera. aEstados Unidos :bEdiciones El Salvaje Refinado,c2006. a45 p. ;c23 cm. aIncluye datos biografícos de la autora en la contraportada 0aPoesía dominicana 0aLiteratura dominicana.